01779nam a2200433 i 450000100060000000300080000600500170001400600190003100700150005000800410006502000180010602000270012403500230015103500240017403500250019803500210022304000310024405000240027508200160029924501210031526400370043630000250047333600310049833700330052933800430056249000410060558801280064659001640077465000810093865000490101965000590106865500270112770000230115470000280117779700190120583000420122485600620126699900170132888005FlNmELB20241217171616.0m o d | cr cnu||||||||131226s2011 sp o 000 0 spa d z9788484896364 a9783865278821 (e-book) a(MiAaPQ)EBC3215527 a(Au-PeEL)EBL3215527 a(CaPaEBR)ebr10779581 a(OCoLC)992016926 aFINmELBbspaerdacFINmELB 4aPC4861.Z9bE78 20110 a467.98222303aEl español rioplatense :blengua, literatura, expresiones culturales /cÁngela Di Tullio, Rolf Kailuweit (eds.). 1aMadrid :bIberoamericana,c2011. a1 recurso en línea atextobtxt2rdacontent/spa acomputadorabc2rdamedia/spa arecurso en líneabcr2rdacarrier/spa1 aLingüística iberoamericana ;v51 aDescripción basada en recurso en línea; Título de la página del título en PDF (e-libro, visto November 26, 2013). aRecurso electrónico. Santa Fe, Arg.: e-libro, 2015. Disponible vía World Wide Web. El acceso puede estar limitado para las bibliotecas afiliadas a e-libro. 0aSpanish languagexDialectszRío de la Plata Region (Argentina and Uruguay) 0aSpanish languagexProvincialismszArgentina. 4aDialectos de la lengua españolazArgentinazUruguay. 4aLibros electrónicos.1 aDi Tullio, Angela.1 aKailuweit, Rolf,d1965-2 ae-libro, Corp. 0aLingüística iberoamericana ;v51.40uhttps://elibro.net/ereader/politecnicointernacional/36868 c88005d88005